Normal view
MARC view
Entry Personal Name
001 - CONTROL NUMBER
- control field: 30539
003 - CONTROL NUMBER IDENTIFIER
- control field: ARRUPE
005 - DATE AND TIME OF LATEST TRANSACTION
- control field: 20170504114907.0
008 - FIXED-LENGTH DATA ELEMENTS
- fixed length control field: 170504|| aca||aabn | a|a d
040 ## - CATALOGING SOURCE
- Original cataloging agency: ARRUPE
- Transcribing agency: ARRUPE
100 ## - HEADING--PERSONAL NAME
- Personal name: Nwabara, S.N.
670 ## - SOURCE DATA FOUND
- Source citation: Work cat.: (ARRUPE)14501: Osae, T.A. 30538, A short history of West Africa, 1968